[Event "Metz op-B 28th"]
[Site "Metz"]
[Date "2010.04.12"]
[Round "4"]
[White "Saysouk, Christophe"]
[Black "Kiefer, Eric"]
[Result "0-1"]
[WhiteElo "1866"]
[BlackElo "1897"]
[PlyCount "52"]
[EventDate "2010.04.10"]
[EventType "swiss"]
[EventRounds "9"]
[EventCountry "FRA"]
[SourceTitle "CBM 136 Extra"]
[Source "ChessBase"]
[SourceDate "2010.07.02"]
[SourceVersion "2"]
[SourceVersionDate "2010.07.15"]
[SourceQuality "1"]

1. d4 d5 2. c4 e6 3. Nf3 Nf6 4. Bg5 Be7 5. Nc3 0-0 6. e3 b6 7. Bxf6 Bxf6 8. cxd5 exd5 9. Qb3 Be6 10. Rc1 c5 11. Be2 Nc6 12. Qa4 Rc8 13. Ba6 Rc7 14. Bb5 Ne7 15. 0-0 cxd4 16. Nxd4 Bxd4 17. Qxd4 Nf5 18. Qf4 g5 19. Qe5 Ng7 20. Nxd5 Rxc1 21. Nf6+ Kh8 22. Rxc1 Qd2 23. Ra1 h6 24. g4 Qb4 25. Bd7 Bxd7 26. Nxd7 Qxg4+ 0-1